| 000 | 01002cam a2200301 i 4500 | ||
|---|---|---|---|
| 001 | 8494 | ||
| 003 | FISKH | ||
| 005 | 20250916081452.0 | ||
| 008 | 750506s1975 njua j 000 0 eng | ||
| 010 | _a 75011565 | ||
| 020 |
_a0138516006 (lib. bdg.) : _c$6.95 |
||
| 020 | _a9780138516000 | ||
| 040 |
_aDLC _cDLC _dDLC _beng |
||
| 050 | 0 | 0 |
_aPZ8.1.D43 _bSt |
| 082 | 0 | 0 |
_a398.2/2/0945 _aE |
| 100 | 1 |
_aDePaola, Tomie, _d1934-2020. |
|
| 245 | 1 | 0 |
_aStrega Nona : _ban old tale / _cretold and illustrated by Tomie de Paola. |
| 260 |
_aNew York : _bSimon & Schuster Books, _c1975. |
||
| 300 |
_a30 unnumbered pages : _bcolor illustrations ; _c28 cm |
||
| 505 | _aR | ||
| 520 | _aWhen Strega Nona leaves him alone with her magic pasta pot, Big Anthony is determined to show the townspeople how it works. | ||
| 521 | 8 |
_a730
_bLexile AD |
|
| 521 | 8 |
_aR
_bRaz-Plus |
|
| 650 | 1 |
_aFolklore _zItaly. |
|
| 906 |
_a7 _bcbc _corignew _d1 _eocip _f19 _gy-gencatlg |
||
| 942 |
_2ddc _cBK _n0 |
||
| 999 |
_c8494 _d8494 |
||